000 01052nam a2200217 a 4500
001 38271
003 BD-RjUL
005 20211209052748.0
008 151026s1972 ii a|||| |||| 00| 0 ben d
035 _a(BD-RjUL)38376
040 _aBD-RjUL
_beng
_cBD-RjUL
_dBD-RjUL
041 _aeng
082 _223
_a891.441409
_bRAB 1972
245 _aরবীন্দ্র সমীক্ষণ /
_cরবীন্দ্র পরিষদ
260 _aগ্রন্থালয় প্রাইভেট লিমিটেড, কলিকাতা-১২ :
_bরবীন্দ্র পরিষদ, পাটনা,
_c১৯৭২
300 _a২৩৬ পৃ. :
_bচিত্র ;
_c২২ সেমি.
600 _aঠাকুর, রবীন্দ্রনাথ
_d১৮৬১-১৯৪১
_xসমালোচনা ও ব্যাখ্যা
_9118312
600 _aTagore, Rabindranath
_d1861-1941
_xCriticism and interpretation.
_9118313
710 _aরবীন্দ্র পরিষদ, পাটনা
_9118311
942 _2ddc
_cBK
_01
999 _c38271
_d38271